00350nam a22001457a 4500020001800000082001400018100002200032245003600054250001200090260003200102300001000134650002000144650002500164650001500189 a9789364870726 aM3bVIS/M aVishnu Prasad M R aMathiyas/cby Vishnu Prasad M R a5th ed. aKottayam:bDC Books,c2026. a237p. aNovel Malayalam aLiterature Malayalam aLiterature